Science Quiz

Random Science or Letter Quiz

Chemical Elements by Ending Letter Quiz Stats

Quiz Updated Dec 1, 2016

Challenge
Share
Tweet
Embed
Score 0/10 Timer 02:00
2 Plays Today
Final Letter Sample Element % Correct
Nhydrogen...
98%
Dgold...
86.3%
Rsilver...
83%
Czinc...
75%
Echlorine...
71%
Ymercury...
57.9%
Tcobalt
36.6%
Sphosphorus
33.1%
Lnickel
32.5%
Hbismuth
30.1%

You're not logged in!

Compare scores with friends on all Sporcle quizzes.
Join for Free
OR
Log In

You Might Also Like...

Show Comments

Extras

Top Quizzes Today


Score Distribution

Your Account Isn't Verified!

In order to create a playlist on Sporcle, you need to verify the email address you used during registration. Go to your Sporcle Settings to finish the process.

Report this User

Report this user for behavior that violates our Community Guidelines.

Details: